00525nam a2200169Ia 450000500170000000800410001702000160005808200130007410000210008724500320010826000610014030000130020165000230021494200060023795200970024399900150034020250624021310.0240331s9999 xx 000 0 und d a95591610509 bWICa331 aWickramarathne,D 0aRidunu payata thana palasak aNugegodabSri Lanka Environmental Journalist Forumc1995 a158 p ., aSocial development cL 001040708LaWERCLbWERCLcSSCd2024-03-31l0o 331.4 WICp5230r2024-03-31w2024-03-31yL c5271d5271